Los derechos del hombre / (Record no. 114018)

MARC details
000 -LEADER
campo de control de longitud fija 00786nam a2200217 4500
001 - NÚMERO DE CONTROL
campo de control 114018
003 - IDENTIFICADOR DE NÚMERO DE CONTROL
campo de control ES-MaACL
005 - FECHA Y HORA DE LA ÚLTIMA TRANSACCIÓN
campo de control 20250829035535.0
007 - CAMPO FIJO DE DESCRIPCIÓN FÍSICA--INFORMACIÓN GENERAL
campo de control de longitud fija t|
008 - DATOS DE LONGITUD FIJA--INFORMACIÓN GENERAL
campo de control de longitud fija 061121s1944 mx r ||||1| spa d
100 1# - ENTRADA PRINCIPAL--NOMBRE DE PERSONA
Nombre de persona Paine, Thomas.
9 (RLIN) 88328
245 14 - MENCIÓN DEL TÍTULO
Título Los derechos del hombre /
Mención de responsabilidad, etc. Thomas Paine ; introducción por H. N. Brailsford ; versión española por José Antonio Fernández de Castro y Tomás Muñoz Molina.
250 ## - MENCION DE EDICION
Mención de edición [1ª ed. en español].
260 ## - PUBLICACIÓN, DISTRIBUCIÓN, ETC.
Lugar de publicación, distribución, etc. México :
Nombre del editor, distribuidor, etc. Fondo de Cultura Económica,
Fecha de publicación, distribución, etc. 1944.
300 ## - DESCRIPCIÓN FÍSICA
Extensión 262 p. ;
Dimensiones 24 cm.
700 1# - ENTRADA AGREGADA--NOMBRE PERSONAL
Nombre de persona Brailsford, H. N.
9 (RLIN) 31295
700 1# - ENTRADA AGREGADA--NOMBRE PERSONAL
Nombre de persona Fernández de Castro, José Antonio.
9 (RLIN) 49644
700 1# - ENTRADA AGREGADA--NOMBRE PERSONAL
Nombre de persona Muñoz Molina, Tomás,
Fechas asociadas al nombre 1896-
9 (RLIN) 84463
852 ## - LOCALIZACIÓN
Ubicación ES-MaACL
Número de control de estantería D-7534
Sublocalización o colección R.29557
Holdings
Estatus retirado Estado de pérdida Estado de daño No para préstamo Biblioteca de origen Biblioteca actual Ubicación en estantería Fecha de adquisición Fuente de adquisición Total de préstamos Signatura topográfica completa Código de barras Visto por última vez Precio de reemplazo Tipo de ítem Koha
        Biblioteca del Ateneo de Madrid Biblioteca del Ateneo de Madrid Sala Valle Inclán 17/01/2008     D-7534 901118908 23/02/2023 23/02/2023 Libro impreso